[Finančná a ekonomická výkonnosť v kontexte malých a stredných podnikov]

Recenzovaná publikácia odporúčaná do pozornosti študentom ekonomických smerov, ako aj čitateľom, ktorí majú záujem o finančnú analýzu podnikov a zároveň o širší pohľad na postavenie MSP na Slovensku alebo v iných krajinách EÚ.

Gespeichert in:
Bibliographische Detailangaben
1. Verfasser: Megyesiová, Silvia, 1969-
Format: Buchkapitel
Sprache:Slowakisch
Schlagworte:
Tags: Tag hinzufügen
Keine Tags, Fügen Sie das erste Tag hinzu!

MARC

LEADER 00000nla a2200000 4500
001 0247740
005 20241031105835.7
041 0 |a slo 
044 |a SK 
245 1 0 |a [Finančná a ekonomická výkonnosť v kontexte malých a stredných podnikov]  |c Silvia Megyesiová 
520 |a Recenzovaná publikácia odporúčaná do pozornosti študentom ekonomických smerov, ako aj čitateľom, ktorí majú záujem o finančnú analýzu podnikov a zároveň o širší pohľad na postavenie MSP na Slovensku alebo v iných krajinách EÚ. 
610 2 0 |a výkonnosť ekonomiky 
610 2 0 |a výkonnosť finančná 
610 2 0 |a výkonnosť podniku 
610 2 0 |a podnik malý 
610 2 0 |a podnik stredný 
610 2 0 |a recenzie 
100 1 |a Megyesiová, Silvia, 1969-